Methods : doing social research

Αποθηκεύτηκε σε:
Λεπτομέρειες βιβλιογραφικής εγγραφής
Κύριος συγγραφέας: Jackson, Winston
Μορφή: Βιβλίο
Γλώσσα:English
Δημοσίευση: Scarborough : Prentice Hall Canada, c1995
Θέματα:
Ετικέτες: Προσθήκη ετικέτας
Δεν υπάρχουν, Καταχωρήστε ετικέτα πρώτοι!

MARC

LEADER 00000nam a2200000 i 4500
001 1/103311
008 000301s1995 eng d
020 |a 0-13-064031-X 
035 |l 10058418 
040 |a GR-MY-UA  |b gre  |e aacr 
041 0 |a eng 
082 0 |a 300.72 
100 1 |a Jackson, Winston. 
245 1 0 |a Methods :  |b doing social research /  |c Winston Jackson 
260 |a Scarborough :   |b Prentice Hall Canada,   |c c1995 
300 |a 615 p. 
504 |a Includes index 
650 0 0 |a Social sciences  |x Research  |x Methodology. 
852 |a INST  |b LESVOS  |e 20000301  |h 300.72 JAC  |p 005100023508  |q 005100023508  |t BK  |y 0 
901 |a BIBL1-2000-1 
909 |a Λ  |b 074802 
922 |a 1ΕΛΗ  |b 200002  |c ΚΠΣ/ΤΚ  |d GLORY 
950 |a 103-1999-12-8 
970 |a ΤΖΑΦΕΡΗ  |b ΕΥΑΓΓΕΛΙΑ  |z 2000/03/14